| 000 | 00523nam a22001817a 4500 | ||
|---|---|---|---|
| 005 | 20141125113948.0 | ||
| 010 | _aENG-111279 | ||
| 020 |
_a9789350092736 _c299.00 |
||
| 035 | _aEN-94811 | ||
| 037 | _bDBAD/PUB | ||
| 082 | _aN | ||
| 100 | _aKrishnan, Abirami M. | ||
| 245 |
_aHow to screw up like a pro / _cby Abirami M. Krishnan |
||
| 260 |
_aGurgaon _bHachette Book Publishing _c2014 |
||
| 270 |
_a4th/5th Floors, Corporate Center, Sec. 44 _bGurgaon _e122003 |
||
| 300 |
_a229p. _c20cm(pbk) |
||
| 942 |
_2ddc _cEN _mKRI _hN |
||
| 999 |
_c90132 _d90132 |
||